Starnutie populácie a preskúmané dôsledky dôchodkových reforiem vo vybraných krajinách Európy

Starnutie populácie je postupný proces zmeny štruktúry populácie, kedy či už v dôsledku zmien v pôrodnosti a/alebo úmrtnosti dochádza k zvyšovaniu podielu staršej časti populácie na celkovej populácii. Tento trend sa týka takmer každej krajiny na svete ak nie všetkých, pričom so sebou prináša otázku...

Full description

Saved in:
Bibliographic Details
Main Author: Ostrihoň, Filip
Format: Book Chapter
Language:Slovak
Subjects:
Tags: Add Tag
No Tags, Be the first to tag this record!

MARC

LEADER 00000nla a2200000 4500
001 0246484
005 20240417075142.1
041 0 |a slo 
044 |a SK 
245 1 0 |a Starnutie populácie a preskúmané dôsledky dôchodkových reforiem vo vybraných krajinách Európy  |c Filip Ostrihoň 
520 |a Starnutie populácie je postupný proces zmeny štruktúry populácie, kedy či už v dôsledku zmien v pôrodnosti a/alebo úmrtnosti dochádza k zvyšovaniu podielu staršej časti populácie na celkovej populácii. Tento trend sa týka takmer každej krajiny na svete ak nie všetkých, pričom so sebou prináša otázku udržateľnosti dôchodkových systémov ako aj verejných financií ako takých. Len v rámci Európy je veľké množstvo príkladov ako sa jednotlivé krajiny doteraz pokúšali vysporiadať sa s dôsledkami starnutia, pričom tieto tzv. politické experimenty (či už úspešné alebo nie) môžu mnohému naučiť. 
610 2 0 |a starnutie populácie 
610 2 0 |a reformy dôchodkové 
610 2 0 |a Veľká Británia 
610 2 0 |a systémy dôchodkové 
100 1 |a Ostrihoň, Filip